| 000 | 00391nam a2200169Ia 4500 | ||
|---|---|---|---|
| 005 | 20250423095617.0 | ||
| 008 | 250422s9999 xx 000 0 und d | ||
| 020 | _a0- 13- 833158- X | ||
| 050 | _aHF 5415.5 .W584/ | ||
| 100 | _aWillington, Ron | ||
| 245 | 0 | _aHey, I'm the customer | |
| 260 | _aNew York | ||
| 260 | _bPrentice- Hall | ||
| 260 | _c1992 | ||
| 300 | _a200 p | ||
| 942 | _cBK | ||
| 999 |
_c30796 _d30796 |
||